01307nam a2200277 a 4500001001000000005001700010008004100027041000800068044000700076084002300083100006800106245008100174260001900255300002600274500006900300500013000369500004700499500002800546500004900574500006600623506009200689546005000781600006800831650010800899700002201007BRCA_512520190320204941.0191110s1839----mx-######v---#000-0#spa-# aspa amx aDOC102b.G67c18391 aGoroztiza y Cepeda, Manuel María del Pilar Eduardod1789-185110aDocumento dirigido a Eduardo GoroztizacEduardo Goroztiza, Pedro Escandón. aMéxicoc1839 a[2] fojasc30 x 21 cm aDocumento firmado el 12 de febrero de 1839 por Eduardo Goroztiza aSe comunica a Eduardo Goroztiza su nombramiento como Oficial en la Legación de Madrid en substitución de Pedro Escandón aEl documento contiene la leyenda DOC. #263 aPapel con marca de agua aAl margen: MINISTRO DE RELACIONES EXTERIORES aEstado de conservación: contiene rastros de acidificación0 aFondo reservado: para su consulta es necesario credencial de usuario y carta de motivos aTexto en: español de mediados del siglo XIX14aGoroztiza y Cepeda, Manuel María del Pilar Eduardod1789-185114aRelaciones exterioresvImpreso con rúbricasxHistoriayFederalismo y centralismo, 1824-1853zMéxico1 aEscandón, Pedro